000 00606nam a2200229Ia 4500
003 OSt
005 20220928124040.0
006 a|||||r|||| 00| 0
007 ta
008 220927b |||||||| |||| 00| 0 eng d
024 _a48629
037 _cTextual
040 _aSDCL
_cSDCL
_beng
041 _2eng
_aeng
082 _aV53:51'L8, E0
100 _aBurke Edmund
245 0 _aReflections on the revolution in France.
260 _aLondon
_bEveryman's Library
_c1910
300 _axv,368p.
_ccm.
942 _hV53:51'L8, E0
_cTEXL
_2CC
999 _c776142
_d776142